1141 1680 1437 1139 1241 1197 1645 1240 1670 1539 1091 1178 1799 1919 1184 1743 1960 1328 1686 1627 1284 1493 1514 1199 1612 1714 1061 1112 1916 1837 1898 1426 1001 1254 1221 1613 1705 1435 1841 1402 1372 1156 1007 1293 1299 1023 1709 1054 1202 1397 1189 1930 1116 1112 2000 1409 1630 1806 1834 1562 1228 1330 1034 1648 1693 1661 1054 1776 1957 1128 1403 1328 1102 1672 1232 1069 1819 1398 1784 1090 1090 1358 1343 1316 1022 1256 1982 1458 1718 1021 1363 1411 1490 1033 1856 1750 1876 1091 1241 BCNSPRNW ULIB Ver.6.0+V

เปลี่ยนเป็นภาษาไทย

Change to English
 แสดงรายละเอียดบรรณานุกรม
  กลับหน้าหลัก

Brief Record : Get Marc (ISO 2709) : E-mail record : QR code < ปิดหน้าต่าง
LEADER : 00000nam 2200000uu 4500
001    13399128025
003     ULIB
008    211223s2559||||th 000 0 tha d
020 ^- ^a9786160618675 (ชุด)
050 ^- ^aนว.^bซ696อ^cล.1
100 1^ ^aซู, โม่.
245 10 ^aอวลกลิ่นละอองรัก ล.1 /ซูโม่ เขียน ; อวี้ แปล.
250 ^- ^aพิมพ์ครั้งที่ 1.
260 ^- ^aกรุงเทพฯ :แจ่มใส,2559
300 ^- ^a2 เล่ม.
490 1^ ^aมากกว่ารัก
500 ^- ^aแปลจาก: Chen xiang ru xie.
653 ^- ^aจีนศึกษา
700 0^ ^aอวี้.
945    ^p619^l0^i008623
999    ^aประนอม เกษจรัล
รายการนี้ยังไม่มีแท็ก
คุณยังไม่ได้ล็อกอิน คุณสามารถมีกิจกรรมร่วมกับเว็บไซต์ได้ แต่ต้องล็อกอินก่อน ::
  ล็อกอิน

รายการสื่อสารสนเทศ

ลำดับที่ ประเภท เลขเรียก/บาร์โค้ด สถานที่ สถานะ
1. นวนิยาย
นวนิยาย
นว. ซ696อ ล.1 ฉ.1 
  Barcode: 008623
ห้องสมุดวิทยาเขตสวรรค์ประชารักษ์
►หนังสือทั่วไป
บนชั้น

รายการใกล้เคียง
    ผู้แต่ง [ซู, โม่.]

BibComment


ยังไม่เคยถูกคอมเมนท์

คอมเมนท์ทรัพยากรรายการนี้
  คอมเมนท์: อวลกลิ่นละอองรัก..


 Copyright 2026. Bcnsprnw @Library